[Event "St Ingbert op"]
[Site "St Ingbert"]
[Date "1988.??.??"]
[Round "1"]
[White "Egler, Manfred"]
[Black "Auer, Conny"]
[Result "1-0"]
[WhiteElo "1968"]
[BlackElo "1400"]
[PlyCount "67"]
[EventDate "1988.08.20"]
[EventType "swiss"]
[EventRounds "9"]
[EventCountry "GER"]
[SourceTitle "EXT 2002"]
[Source "ChessBase"]
[SourceDate "2001.11.25"]
[SourceVersion "1"]
[SourceVersionDate "2001.11.25"]
[SourceQuality "1"]

1. d4 g6 2. Nf3 Bg7 3. c4 Nf6 4. g3 0-0 5. Bg2 d6 6. 0-0 Bg4 7. h3 Bxf3 8. Bxf3 Nc6 9. Nc3 Qd7 10. Kh2 e5 11. d5 Nd4 12. Bg2 Nf5 13. e3 Ne7 14. Bd2 c6 15. Qe2 Qc7 16. e4 Nd7 17. Rac1 f5 18. Bg5 Bf6 19. Bxf6 Rxf6 20. f4 Raf8 21. exf5 Rxf5 22. Be4 R5f6 23. fxe5 Nxe5 24. Rxf6 Rxf6 25. Rf1 Rxf1 26. Qxf1 Kg7 27. Ne2 Qa5 28. Nf4 Qd2+ 29. Kh1 Kh6 30. g4 g5 31. Ne6 N7g6 32. h4 gxh4 33. g5+ Kh5 34. Bf3+ 1-0

[Event "St Ingbert op"]
[Site "St Ingbert"]
[Date "1988.??.??"]
[Round "9"]
[White "Egler, Manfred"]
[Black "Gross, Ernst"]
[Result "1/2-1/2"]
[WhiteElo "1968"]
[BlackElo "1672"]
[PlyCount "101"]
[EventDate "1988.08.20"]
[EventType "swiss"]
[EventRounds "9"]
[EventCountry "GER"]
[SourceTitle "EXT 2002"]
[Source "ChessBase"]
[SourceDate "2001.11.25"]
[SourceVersion "1"]
[SourceVersionDate "2001.11.25"]
[SourceQuality "1"]

1. d4 Nf6 2. Nf3 e6 3. c4 Bb4+ 4. Bd2 Qe7 5. a3 Bxd2+ 6. Qxd2 b6 7. g3 Bb7 8. Bg2 0-0 9. Nc3 d5 10. cxd5 Nxd5 11. 0-0 Nd7 12. Rfe1 c5 13. e4 Nxc3 14. bxc3 cxd4 15. cxd4 Rfd8 16. Qe3 Nf6 17. Ne5 Nd7 18. Nc4 Rac8 19. Rac1 Rc7 20. e5 Bxg2 21. Kxg2 f6 22. f4 fxe5 23. fxe5 Nb8 24. Nd6 Nc6 25. Re2 Na5 26. Rec2 Rxc2+ 27. Rxc2 Nb7 28. Ne4 h6 29. h4 Qd7 30. Rd2 Qd5 31. Kh2 Rf8 32. Nc3 Qf3 33. Nd1 Qxe3 34. Nxe3 Rf3 35. Re2 Na5 36. Kg2 Rf7 37. d5 exd5 38. e6 Re7 39. Nxd5 Re8 40. g4 Nc6 41. Re3 Ne7 42. Nf4 Kh7 43. Rd3 Ng6 44. Nxg6 Kxg6 45. Rd7 Rxe6 46. Rxa7 b5 47. Kf3 Rc6 48. Ke4 Rc4+ 49. Kf3 Rc3+ 50. Kf4 Rc4+ 51. Kf3 1/2-1/2

[Event "St Ingbert op"]
[Site "St Ingbert"]
[Date "1988.??.??"]
[Round "7"]
[White "Van Leoprechting, G."]
[Black "Egler, Manfred"]
[Result "1-0"]
[WhiteElo "1600"]
[BlackElo "1968"]
[PlyCount "143"]
[EventDate "1988.08.20"]
[EventType "swiss"]
[EventRounds "9"]
[EventCountry "GER"]
[SourceTitle "EXT 2002"]
[Source "ChessBase"]
[SourceDate "2001.11.25"]
[SourceVersion "1"]
[SourceVersionDate "2001.11.25"]
[SourceQuality "1"]

1. d4 Nf6 2. c4 g6 3. Nc3 d5 4. Nf3 Bg7 5. Qb3 dxc4 6. Qxc4 0-0 7. Bf4 c6 8. e4 b5 9. Qb3 Bb7 10. Rd1 a6 11. Be2 Nbd7 12. h4 Qe8 13. e5 Nd5 14. Nxd5 cxd5 15. Qe3 e6 16. h5 f6 17. Bh6 Bxh6 18. Qxh6 g5 19. Bd3 Qe7 20. exf6 Rxf6 21. Qxg5+ Kh8 22. Ne5 Nxe5 23. Qxe5 Raf8 24. Rh3 R8f7 25. Rg3 Qc7 26. Qxc7 Rxc7 27. Ke2 Re7 28. Rc1 e5 29. dxe5 Rxe5+ 30. Re3 Rxe3+ 31. fxe3 Bc6 32. Rf1 Re6 33. Rf4 Kg7 34. Kf2 Be8 35. Rd4 Re5 36. g4 Bd7 37. Kf3 h6 38. e4 Be6 39. Kf4 Kf6 40. exd5 Bxd5 41. a4 bxa4 42. Rxa4 Bb7 43. Bxa6 Bc6 44. Rb4 Re6 45. Rb6 Ke7 46. Bb5 Re4+ 47. Kf5 Rb4 48. Rxc6 Rxb5+ 49. Kg6 Rg5+ 50. Kxh6 Rxg4 51. Rb6 Kf7 52. Rg6 Rb4 53. Rg2 Rb5 54. Rf2+ Kg8 55. Kg6 Rb6+ 56. Kg5 Rb5+ 57. Kg4 Kg7 58. Rh2 Rb3 59. Kf4 Rb8 60. h6+ Kh8 61. Ke5 Kh7 62. Kd4 Rd8+ 63. Kc3 Rc8+ 64. Kd2 Rd8+ 65. Kc1 Rc8+ 66. Rc2 Rb8 67. Rc6 Rb3 68. Kc2 Rb5 69. Kc3 Rg5 70. b4 Rg1 71. b5 Rb1 72. Kc4 1-0

[Event "St Ingbert op"]
[Site "St Ingbert"]
[Date "1988.??.??"]
[Round "4"]
[White "Wellinghausen, Arne"]
[Black "Egler, Manfred"]
[Result "1/2-1/2"]
[WhiteElo "1696"]
[BlackElo "1968"]
[PlyCount "104"]
[EventDate "1988.08.20"]
[EventType "swiss"]
[EventRounds "9"]
[EventCountry "GER"]
[SourceTitle "EXT 2002"]
[Source "ChessBase"]
[SourceDate "2001.11.25"]
[SourceVersion "1"]
[SourceVersionDate "2001.11.25"]
[SourceQuality "1"]

1. e4 e6 2. d4 d5 3. e5 c5 4. c3 Nc6 5. Nf3 Bd7 6. Bd3 Qb6 7. 0-0 cxd4 8. cxd4 Nxd4 9. Nxd4 Qxd4 10. Nc3 a6 11. Qe2 Qa7 12. Qg4 h5 13. Qg3 Ne7 14. Kh1 Bc6 15. Bg5 d4 16. Bxe7 dxc3 17. Bxf8 Kxf8 18. bxc3 h4 19. Qh3 g5 20. f3 Qe3 21. Bc4 Ke7 22. Rfe1 Qf4 23. Bf1 Rag8 24. Rad1 g4 25. fxg4 Qxg4 26. Qxg4 Rxg4 27. Rd4 Rg5 28. h3 Rhh5 29. Kg1 Rg3 30. Rd3 Rgg5 31. Rd4 Rg3 32. Rd3 Rg8 33. Rd4 Rhg5 34. Re2 Rh8 35. Re1 b5 36. Re3 Rhg8 37. Re2 Rh8 38. Re3 f6 39. exf6+ Kxf6 40. Rd6 Bd5 41. Rxa6 Rhg8 42. g4 hxg3 43. Bxb5 Re5 44. Rxe5 Kxe5 45. Bc6 Rd8 46. Ra5 Kf4 47. Bxd5 exd5 48. Kg2 Rc8 49. Ra4+ Ke5 50. Ra3 Kf4 51. Ra4+ Ke5 52. Ra3 Kf4 1/2-1/2